00643nam a22002057a 4500003000400000020001800004082001800022100002000040245007100060250000800131260003800139300000700177650003500184653002700219700001600246700001800262942001500280952012500295999001700420SGT a9789358425895 a617.522bA23P aPandey, Prabodh aAutologous platelet concentrates in Oral and Maxillofacial Surgery a1st aLucknow, IndiabBook Riversc2023 a83 aOral and Maxillofacial Surgery aplatelet concentration aArya, varun aSanjeev Kumar 2ddccBK01 00102ddc4070aFDbFDcREFd2024-08-05iSGTUl1o617.522 A23PpFD9337r2024-09-20 00:00:00s2024-09-20w2024-08-05yBK c26772d26772